| 000 | 00811cab a2200241 4500 | ||
|---|---|---|---|
| 001 | WB3401-78 | ||
| 008 | 090401t1998 xxu||||| |||| 00| 0 eng d | ||
| 035 | _a(Sirsi) u82973 | ||
| 041 | _aeng | ||
| 245 | _aPlanners insist pebble-dash be replaced | ||
| 260 | _c1998 | ||
| 350 | _a0 | ||
| 490 |
_aGuardian _v6 January 1998, 5(1) |
||
| 520 | _aOwners of a 19th century stone cottage have been told by the planning authority to replace the modern pebble-dash rendering they removed to reveal the original stonework, as it must be kept as it was when it was listed. | ||
| 650 | _aFOREST OF DEAN DC | ||
| 650 | _aLISTED BUILDINGS | ||
| 650 | _aPEBBLE-DASH | ||
| 650 | _aPLANNING AUTHORITY | ||
| 650 | _aRENDERING | ||
| 690 | _aPLANNING LAW AND PRACTICE-CASE LAW | ||
| 942 | _n0 | ||
| 948 | _c06/01/1998 | ||
| 999 |
_c52409 _d52409 |
||